Top 100 Most Peaceful Countries - Statistics

General Stats
  • This quiz has been taken 128 times
  • The average score is 63 of 100
Answer Stats
Number Answer % Correct
1. Iceland
92%
17. Norway
92%
26. Sweden
92%
34. United Kingdom
91%
27. Australia
90%
4. Denmark
90%
14. Finland
90%
12. Canada
89%
5. Austria
87%
3. Ireland
87%
10. Japan
87%
29. Spain
87%
22. Belgium
86%
65. France
86%
6. Portugal
86%
32. Italy
85%
11. Switzerland
84%
8. Czech Republic
82%
16. Germany
82%
13. Hungary
82%
20. Slovakia
82%
7. Slovenia
82%
43. South Korea
82%
53. Greece
81%
21. Netherlands
81%
2. New Zealand
79%
33. Estonia
77%
25. Poland
77%
31. Romania
77%
37. Lithuania
76%
52. Serbia
76%
41. Albania
75%
15. Croatia
75%
69. Argentina
74%
35. Latvia
74%
47. Indonesia
73%
55. Chile
71%
58. Bosnia and Herzegovina
70%
18. Malaysia
69%
23. Qatar
69%
89. China
68%
60. United Arab Emirates
68%
97. Kazakhstan
67%
36. North Macedonia
67%
63. Moldova
66%
73. Nepal
66%
49. Montenegro
65%
24. Bulgaria
64%
71. Kosovo
64%
51. Laos
64%
74. Morocco
64%
64. Oman
64%
61. Panama
64%
9. Singapore
64%
83. Armenia
63%
39. Kuwait
63%
46. Uruguay
63%
42. Mongolia
62%
98. Cuba
60%
81. Dominican Republic
60%
44. Vietnam
60%
19. Bhutan
59%
92. Tajikistan
58%
87. Uzbekistan
58%
99. Bahrain
57%
95. Georgia
57%
91. Kyrgyzstan
57%
30. Taiwan
56%
62. Cambodia
55%
67. Cyprus
55%
38. Costa Rica
54%
79. Ecuador
53%
77. Paraguay
53%
57. Jordan
52%
82. Jamaica
51%
85. Tunisia
51%
48. Botswana
48%
80. Bolivia
46%
90. Sri Lanka
46%
40. Ghana
45%
68. Namibia
45%
28. Mauritius
44%
94. Papua New Guinea
44%
84. Madagascar
43%
96. Bangladesh
42%
70. Senegal
42%
86. Tanzania
41%
54. Timor-Leste
41%
56. Zambia
40%
78. Angola
38%
72. Rwanda
36%
100. Lesotho
35%
93. Eswatini
34%
66. Malawi
33%
45. The Gambia
33%
75. Gabon
31%
76. Liberia
31%
88. Trinidad and Tobago
29%
59. Equatorial Guinea
23%
50. Sierra Leone
21%
No matching quizzes found
Score Distribution
Percent of People with Each Score
Percentile by Number Answered
Your Score History
You have not taken this quiz